00483 a2200133 4500020001500000020001800015100002500033245004500058260004300103300001900146500001500165856008200180856008700262 a8170942810 a97881709428181 aJoblonski, Joseph R.10aImplementing tqm /cJoseph R. Joblonski. a[S.l.] :bVision Books Pvt.Ltd,c2007. a1 v. (unpaged) aPaperback.403Amazon.comuhttp://www.amazon.com/exec/obidos/ASIN/8170942810/chopaconline-20403Amazon customer reviewsuhttp://www.chopac.org/cgi-bin/tools/azrev.pl?q=8170942810